000 02015cam a22004694i 4500
003 PE-LiUPU
005 20250731184059.0
008 170630s2016 mau rb 000 0 eng d
020 _a9004317880
020 _a9789004317888
035 _a(Sirsi) a237840
040 _aPE-LiUPU
_beng
_cPE-LiUPU
_erda
049 _aPRUA
082 0 4 _a809.8892404
_bJ4
_223
245 0 0 _aJewish books and their readers :
_bspects of the intellectual life of Christians and Jews in early modern Europe /
_cedited by Scott Mandelbrote and Joana Weinberg.
264 1 _aBoston :
_bBrill,
_c2016.
300 _ax, 384 páginas ;
_c25 centímetros.
336 _atext
_2rdacontent
337 _aunmediated
_2rdamedia
338 _avolume
_2rdacarrier
490 0 _aBrill's Series in Church History and Religious Culture ;
_v75
504 _aBibliografía : páginas 343-373.
504 _aIndex : páginas 374-384.
505 0 _aManuscript, print and the Jewish Bible -- Censorship and the regulation of readers -- Jewish texts in Christian hands -- Antiquarianism and the expansion of knowledge -- The multiplicity of texts and the multiplicity of readers.
526 _aP145
526 _aP127
526 _aP97
526 _aP14
526 _aP07
650 0 4 _aEuropa.
650 0 4 _aRelaciones interreligiosas.
_91493
650 0 4 _aIluminación judía de libros y manuscritos.
700 1 _aMandelbrote, Scott,
_eeditor.
700 1 _aWeinberg, Joana,
_eeditor.
910 _ajck
_bncf
_cncf
_d20170630
942 _2ddc
_cBOOK
949 _a809.8892404 J4
_wDEWEY
_c1
_i76492
_lCCODEBUL1
_mBUL
_p75.00
_r0
_sY
_tBOOK
_u2017-06-30
_xTEOLOGIA
_PP35
_0DONACION
_o.STAFF. Colección Teología
994 _aC0
_bPEPRU
596 _a1
999 _a809.8892404 J4
_wDEWEY
_c24539
_i76492
_f2021-11-11
_g4
_lCCODEBUL1
_mBUL
_p75.00
_r0
_sY
_tBOOK
_u2017-6-30
_xTEOLOGIA
_PP35
_0COMPRA
_o.STAFF. Colección Teología
_d24539
980 _81
_gALBERTO SANCHEZ Responsable de Automatización